Knütel, Wioletta: Verlorene Heimat als literarische Provinz [Rezension]
| Titel: | Knütel, Wioletta: Verlorene Heimat als literarische Provinz [Rezension] |
|---|---|
| Verfasser: | |
| In: |
Convivium, (2003), Seite 362/364 alle Artikel anzeigen |
| Veröffentlicht: | 2003 |
| Format: | Aufsatz |
| Sprache: | Sprache nicht angegeben |
X
alg: 13236773
001A $04504:24-08-05
001B $01999:23-07-19 $t23:13:10.000
001D $04504:24-08-05
001U $0utf8
001X $00
002@ $0Aox
003@ $0132367734
007A $0132367734 $aHEB
007E $030035791
010@ $aund
011@ $a2003
021A $aKnütel, Wioletta: Verlorene Heimat als literarische Provinz [Rezension]
028A $7121115577 $8Joachimsthaler, Jürgen$Z1964-2018 [Tp1] $9152564497
031A $h362/364 $j2003
039B $aIn $8--Abvc--. Convivium. - Łódź : Verlag der Universität Lodz, 1994-. - ISSN 2196-8403 $x200300000000000638 $9048657417
039T $8--Aay--Knütel, Wioletta$Z1970- [Tp3]. Verlorene Heimat als literarische Provinz. - Frankfurt am Main {[u.a.] : Lang, 2002. - 259 S.. - Kt.. - ISBN 3-631-39781-X $9104697482
045T $a7,20 $a7,20
045T $aAVL $qDE-30 $2FID
045T $aGER $qDE-30 $2FID
lok: 13236773 62
exp: 13236773 62 1 #EPN
201B/01 $030-12-05 $t08:51:05.000
203@/01 $028860699X
208@/01 $a09-08-05 $be
209A/01 $a/ $f000 $x00
209B/01 $a2003 $x05
247C/01 $8Frankfurt, Bibliographie der Deutschen Sprach- und Literaturwissenschaft $9113214561
201U/01 $0utf8
lok: 13236773 78
exp: 13236773 78 1 #EPN
201B/01 $012-12-19 $t11:36:27.000
201C/01 $012-12-19
201U/01 $0utf8
203@/01 $01072483467
208@/01 $a12-12-19 $be
209A/01 $a/ $f000 $x00
209A/01 $ab*p $x01
220C/01 $apgar
244Z/01 $#Generalgouvernement Polen $#Polska $#Rzeczpospolita Polska $#Polska Rzeczpospolita Ludowa $#Poland $#Pologne $#République Polonaise $#Generalne Gubernatorstwo w Polsce $#Polish People's Republic $#Polska Rzeczpospolita Polen $#PRL $#RP $#Polen Generalgouvernement $#Polska Generalgouvernement $#Besetzte Polnische Gebiete $#Besetztes Gebiet in Polen $#Okupowane Polskie Obszary $#Obszary Okupowane w Polsce $#Volksrepublik Polen $#Polska Rosyjska $#Republic Polen $#Respublika Pol'ša $#Pol'skaja Narodnaja Respublika $#République de Pologne $#Polen Links der Weichsel $#Polska po Lewej Stronie Wisły $#Lenkija $#Polija $#Gubernija Carstva Pol'skago $#Republik Polen $74046496-9 $8--Tg1--Polen $x01 $9085129801
244Z/01 $#Pommern $#Pommern $#Herzogtum Pommern $#Herzogthum Pommern $#Provinz Pommern $#Pomorze $74046744-2 $8--Tg1--Pommern $x02 $9085130354
247C/01 $82080>Marburg/Lahn, Herder-Institut, Forschungsbibliothek, Bibliographieportal $9336309341
| LEADER | 00000caa a22000002c 4500 | ||
|---|---|---|---|
| 001 | 132367734 | ||
| 003 | DE-603 | ||
| 005 | 20190723231310.0 | ||
| 007 | tu | ||
| 008 | 050824s2003 xx |||| | u00||u|und c | ||
| 035 | |a (DE-599)HEB132367734 | ||
| 040 | |a DE-603 |b ger |c DE-603 |d DE-603 | ||
| 041 | |a und | ||
| 084 | |a 7,20 |a 7,20 |2 ssgn | ||
| 084 | |a AVL |q DE-30 |2 fid | ||
| 084 | |a GER |q DE-30 |2 fid | ||
| 100 | 1 | |a Joachimsthaler, Jürgen |d 1964-2018 |0 (DE-603)152564497 |0 (DE-588)121115577 |2 gnd | |
| 245 | 0 | 0 | |a Knütel, Wioletta: Verlorene Heimat als literarische Provinz [Rezension] |
| 264 | 0 | |c 2003 | |
| 773 | 0 | 8 | |i In |t Convivium |d Łódź : Verlag der Universität Lodz, 1994- |x 2196-8403 |g (2003), Seite 362/364 |w (DE-603)048657417 |w (DE-600)1221798-0 |
| 787 | 0 | 8 | |i Rezension von |a Knütel, Wioletta, 1970- |t Verlorene Heimat als literarische Provinz |d Frankfurt am Main [u.a.] : Lang, 2002 |h 259 S., Kt. |z 363139781X |w (DE-603)104697482 |
| 924 | 0 | |9 603 |a (DE-603)28860699X |b DE-603 |c HES |d d | |
| 924 | 0 | |9 2080 |a (DE-603)1072483467 |b DE-2080 |c HES |d d |g / | |


